000 00536nam a22001817a 4500
005 20251108172712.0
008 250721s2002 xx 000 0 ara d
082 1 4 _a632.95/عفي
100 1 _aعفيفي، فتحي عبد العزيز
_eمؤلف
245 1 0 _aحركية التسمم /
264 1 _aالقاهرة :
_bمكتبة الثقافة الدينية،
_c2002.
300 _a360ص.
650 1 7 _aالزراعة
650 1 7 _aالآفات الحشرية
650 1 7 _aالسموم
942 _2ddc
_cBK
999 _c86330
_d86330